| 000 | 00475nab a2200145 4500 | ||
|---|---|---|---|
| 003 | ES-SlBCS | ||
| 005 | 20210327231158.0 | ||
| 008 | 140722s2014 fr ||||| |||| 00| 0 fre d | ||
| 040 |
_aES-SlBCS _bspa |
||
| 100 | 1 | 0 |
_aWeil-Dubuc, Paul-Loup _9405917 |
| 245 | 1 | 0 |
_aDépasser l'incertitude _b: Le pari hasardeux de la médecine prédictive _cPaul-Loup Weil-Dubuc |
| 650 | 0 | 4 |
_aMedicina _914377 |
| 773 | 0 |
_gNº 406, 2014, págs. 20-29 _tEsprit _wRev1438 _x0014-0759 |
|
| 942 |
_2lcc _cAR |
||
| 999 |
_c847865 _d847865 |
||